000 00389nam a2200145 i 4500
001 bg
100 1 _aADAMSKI, Władysław
245 0 _aMłode pokolenie Ameryki :
_bkultura i społeczeństwo w sytuacji kryzysu /
_cWładysław Adamski.
260 _aWarszawa,
_c1977.
040 _cBPK
041 _apol
080 _a316(73)
942 _cKS
008 s pl f |000 0 pol
999 _c27008
_d27008
856 _uhttp://koha.tu.koszalin.pl/cgi-bin/koha/opac-detail.pl?biblionumber=27008
_yKatalog online BPK